[Event "EIBCC 2019"]
[Site "Tallinn"]
[Date "2019.12.07"]
[Round "7.3"]
[White "Galopoulos, Nikolaos"]
[Black "Riazantsev, Alexander"]
[Result "1-0"]
[WhiteElo "2429"]
[BlackElo "2635"]
[Annotator "ChessBase"]
[PlyCount "127"]
[EventDate "2019.12.06"]
[EventType "swiss"]
[EventCountry "EST"]
[SourceTitle "playchess.com"]
[Source "ChessBase"]
[SourceQuality "1"]

1. d4 d5 2. c4 e6 3. Nc3 Nf6 4. cxd5 exd5 5. Bg5 Bb4 6. Qa4+ Nc6 7. e3 h6 8. Bxf6 Qxf6 9. Bb5 O-O 10. Nge2 Bxc3+ 11. bxc3 Ne7 12. Bd3 Bf5 13. Bxf5 Nxf5 14. Qb3 Qc6 15. Nf4 Rad8 16. O-O b6 17. Rac1 b5 18. Ra1 Qc4 19. Rfb1 g5 20. Nh5 c6 21. a4 Qxb3 22. Rxb3 a6 23. axb5 axb5 24. Ra6 Ra8 25. Rba3 Rxa6 26. Rxa6 Rc8 27. Nf6+ Kg7 28. Nd7 f6 29. Nc5 h5 30. g3 Kg6 31. Kg2 Nd6 32. Kf3 Kf5 33. h3 g4+ 34. hxg4+ hxg4+ 35. Ke2 Kg6 36. Ne6 Ne4 37. Ra3 Rh8 38. Nc5 Nxc5 39. dxc5 Re8 40. Ra6 Re6 41. Kd3 Kf5 42. Ra8 Ke5 43. Rg8 f5 44. Rc8 Kf6 45. Rc7 Ke5 46. Rc8 Kf6 47. Rc7 Ke5 48. Rc8 Kf6 49. Ke2 Ke7 50. f3 Kd7 51. Rf8 Rh6 52. Rxf5 Rh2+ 53. Kd3 gxf3 54. Rxf3 Rg2 55. Rf7+ Ke6 56. Rc7 Rxg3 57. Rxc6+ Ke5 58. Rb6 Rg8 59. Rxb5 Rc8 60. c4 Rc7 61. Kc3 Ke4 62. Kb4 d4 63. exd4 Kxd4 64. Rb8 1-0

[Event "EIBCC 2019"]
[Site "Tallinn"]
[Date "2019.12.07"]
[Round "7.4"]
[White "Demidov, Mikhail"]
[Black "Aleksandrov, Aleksej"]
[Result "1-0"]
[WhiteElo "2631"]
[BlackElo "2416"]
[Annotator "ChessBase"]
[PlyCount "93"]
[EventDate "2019.12.06"]
[EventType "swiss"]
[EventCountry "EST"]
[SourceTitle "playchess.com"]
[Source "ChessBase"]
[SourceQuality "1"]

1. d4 Nf6 2. Nf3 d5 3. Bf4 e6 4. e3 Bd6 5. Bg3 O-O 6. Nbd2 c5 7. c3 Qc7 8. dxc5 Qxc5 9. c4 Bxg3 10. hxg3 Nc6 11. cxd5 Qxd5 12. a3 Ne5 13. Qb3 Nxf3+ 14. gxf3 Qxb3 15. Nxb3 b6 16. Rc1 Bb7 17. Be2 Rac8 18. O-O Rfd8 19. Nd4 Kf8 20. f4 Ne8 21. f3 Nd6 22. g4 h6 23. Kf2 Ke7 24. Rfd1 Rxc1 25. Rxc1 Rc8 26. Rxc8 Bxc8 27. Nc6+ Ke8 28. Nxa7 Bd7 29. e4 f6 30. e5 fxe5 31. fxe5 Nf7 32. f4 g5 33. Ke3 gxf4+ 34. Kxf4 Ng5 35. Bb5 Bxb5 36. Nxb5 Kd7 37. Nd6 Kc6 38. Ne4 Nf7 39. Nc3 Kc5 40. Ke4 Kc4 41. Na4 Ng5+ 42. Ke3 b5 43. Nc3 Nf7 44. Kf4 Ng5 45. Ke3 Nf7 46. Kf4 Ng5 47. b3+ 1-0

[Event "EIBCC 2019"]
[Site "Tallinn"]
[Date "2019.12.07"]
[Round "7.5"]
[White "Luukkonen, Tommi"]
[Black "Guseinov, Gadir"]
[Result "0-1"]
[WhiteElo "2269"]
[BlackElo "2593"]
[Annotator "ChessBase"]
[PlyCount "75"]
[EventDate "2019.12.06"]
[EventType "swiss"]
[EventCountry "EST"]
[SourceTitle "playchess.com"]
[Source "ChessBase"]
[SourceQuality "1"]

1. e4 c5 2. Nf3 g6 3. d4 cxd4 4. Qxd4 Nf6 5. Nc3 Nc6 6. Qa4 d6 7. e5 dxe5 8. Nxe5 Bd7 9. Nxd7 Qxd7 10. Bb5 Bg7 11. O-O O-O 12. Bg5 a6 13. Bxc6 bxc6 14. Rfe1 Rfe8 15. Qh4 Qf5 16. Rac1 a5 17. Bh6 Rab8 18. Bxg7 Kxg7 19. b3 Rb4 20. Qg3 e5 21. h3 Nh5 22. Qe3 Nf4 23. Ne4 Rd8 24. Ng3 Qf6 25. Qxe5 Qxe5 26. Rxe5 a4 27. Rc5 h5 28. Kf1 Rd2 29. Rxc6 h4 30. Nh1 Rbd4 31. Re1 a3 32. Rc3 g5 33. b4 Rxb4 34. Rxa3 Rxc2 35. Ra7 Nd3 36. Rd1 Rbb2 37. Kg1 Nxf2 38. Rdd7 0-1

[Event "EIBCC 2019"]
[Site "Tallinn"]
[Date "2019.12.07"]
[Round "7.6"]
[White "Hjartarson, Johann"]
[Black "Sargissian, Gabriel"]
[Result "0-1"]
[WhiteElo "2559"]
[BlackElo "2676"]
[Annotator "ChessBase"]
[PlyCount "132"]
[EventDate "2019.12.06"]
[EventType "swiss"]
[EventCountry "EST"]
[SourceTitle "playchess.com"]
[Source "ChessBase"]
[SourceQuality "1"]

1. e4 e5 2. Nf3 Nc6 3. Bb5 a6 4. Ba4 Nf6 5. O-O Be7 6. Re1 b5 7. Bb3 O-O 8. c3 d5 9. exd5 Nxd5 10. Nxe5 Nxe5 11. Rxe5 c6 12. d3 Bd6 13. Re1 Bf5 14. Qf3 Qh4 15. g3 Qh3 16. Be3 Bxd3 17. Nd2 Qf5 18. Bd4 Rfd8 19. Qxf5 Bxf5 20. a4 Bf8 21. Ne4 a5 22. f3 b4 23. Kf2 h6 24. Bc4 Rab8 25. Re2 Be6 26. Ba6 Nc7 27. Bd3 c5 28. Be5 Rxd3 29. Bxc7 Ra8 30. Bf4 Bd5 31. Rd2 Rxd2+ 32. Nxd2 c4 33. Be3 bxc3 34. bxc3 Rb8 35. Ra2 f5 36. Bd4 Kf7 37. f4 g5 38. Nf3 Bxf3 39. Kxf3 g4+ 40. Ke3 Bd6 41. Kd2 Ke6 42. Kc2 Kd5 43. Ra1 Re8 44. Kd2 Rb8 45. Kc2 Rb3 46. Re1 Ra3 47. Kb2 Rb3+ 48. Kc2 Rb8 49. Re2 h5 50. Re1 Rb7 51. Re8 Re7 52. Rxe7 Bxe7 53. Kd2 Bd8 54. Ke2 Ke4 55. Bc5 Bf6 56. Kd2 Bd8 57. Ke2 h4 58. Bd4 h3 59. Bg7 Bb6 60. Bf6 Bg1 61. Kf1 Bxh2 62. Kf2 Kd3 63. Bd8 Kxc3 64. Bxa5+ Kb3 65. Be1 Kxa4 66. Ke2 Bg1 0-1

[Event "EIBCC 2019"]
[Site "Tallinn"]
[Date "2019.12.07"]
[Round "7.7"]
[White "Usmanov, Vasily"]
[Black "Motylev, Alexander"]
[Result "0-1"]
[WhiteElo "2495"]
[BlackElo "2629"]
[Annotator "ChessBase"]
[PlyCount "56"]
[EventDate "2019.12.06"]
[EventType "swiss"]
[EventCountry "EST"]
[SourceTitle "playchess.com"]
[Source "ChessBase"]
[SourceQuality "1"]

1. Nf3 d5 2. e3 Nf6 3. b3 Bf5 4. Bb2 h6 5. c4 e6 6. Be2 Be7 7. O-O O-O 8. Nc3 c6 9. h3 Nbd7 10. d3 Bh7 11. Re1 Re8 12. Rc1 a6 13. Bf1 e5 14. cxd5 cxd5 15. d4 e4 16. Ne5 Bd6 17. Nxd7 Qxd7 18. Na4 Rad8 19. Nc5 Qe7 20. Rc2 Bf5 21. a4 g5 22. a5 g4 23. hxg4 Nxg4 24. f3 exf3 25. Qxf3 Bh2+ 26. Kh1 Qh4 27. g3 Bxg3+ 28. Kg1 Bxc2 0-1

[Event "EIBCC 2019"]
[Site "Tallinn"]
[Date "2019.12.07"]
[Round "7.8"]
[White "Esipenko, Andrey"]
[Black "Nguyen, Thai Dai Van"]
[Result "1-0"]
[WhiteElo "2582"]
[BlackElo "2419"]
[Annotator "ChessBase"]
[PlyCount "63"]
[EventDate "2019.12.06"]
[EventType "swiss"]
[EventCountry "EST"]
[SourceTitle "playchess.com"]
[Source "ChessBase"]
[SourceQuality "1"]

1. d4 Nf6 2. c4 e6 3. Nf3 d5 4. g3 dxc4 5. Bg2 c6 6. Ne5 Bb4+ 7. Bd2 Be7 8. e3 b5 9. Nxc6 Nxc6 10. Bxc6+ Bd7 11. Bxa8 Qxa8 12. f3 e5 13. dxe5 Ng4 14. O-O Nxe5 15. Bc3 Nd3 16. b3 O-O 17. bxc4 bxc4 18. Nd2 Qc6 19. Qe2 Re8 20. Bd4 Qd5 21. Ne4 f5 22. Nc3 Qe6 23. e4 Bb4 24. Rab1 Qd6 25. Qe3 a5 26. Nd5 Bc6 27. Qg5 Qg6 28. Qh4 Bxd5 29. exd5 Qd6 30. a3 Bc5 31. Rb7 Qxd5 32. Rxg7+ 1-0

[Event "EIBCC 2019"]
[Site "Tallinn"]
[Date "2019.12.07"]
[Round "7.9"]
[White "Saric, Ante"]
[Black "Volodin, Aleksandr"]
[Result "1-0"]
[WhiteElo "2577"]
[BlackElo "2401"]
[Annotator "ChessBase"]
[PlyCount "94"]
[EventDate "2019.12.06"]
[EventType "swiss"]
[EventCountry "EST"]
[SourceTitle "playchess.com"]
[Source "ChessBase"]
[SourceQuality "1"]

1. Nf3 d5 2. d4 Nf6 3. c4 c6 4. Qb3 e6 5. Bf4 Bd6 6. Bxd6 Qxd6 7. e3 Nbd7 8. Nbd2 O-O 9. Be2 a5 10. O-O a4 11. Qc3 b6 12. b4 axb3 13. axb3 Bb7 14. b4 Qe7 15. c5 b5 16. Nb3 Ne4 17. Qb2 f6 18. Na5 Rab8 19. Bd3 f5 20. Ne5 Nxe5 21. dxe5 Qc7 22. f3 Ng5 23. f4 Ne4 24. Nb3 Bc8 25. Nd4 Bd7 26. Bxe4 fxe4 27. Ra5 Rb7 28. Qe2 Ra7 29. Rfa1 Rfa8 30. Qd2 Bc8 31. R1a3 Ra6 32. Qa2 Rxa5 33. Rxa5 Rb8 34. Ra7 Rb7 35. Ra8 Kf7 36. Qa5 Bd7 37. g4 h5 38. gxh5 Be8 39. Kf2 Ke7 40. Ra6 Qxa5 41. bxa5 b4 42. Rb6 Ra7 43. a6 Bd7 44. Ke1 Kd8 45. Kd2 Kc7 46. Nc2 b3 47. Nb4 Ra8 1-0

[Event "EIBCC 2019"]
[Site "Tallinn"]
[Date "2019.12.07"]
[Round "7.10"]
[White "Lazavik, Denis"]
[Black "Andriasian, Zaven"]
[Result "0-1"]
[WhiteElo "2222"]
[BlackElo "2766"]
[Annotator "TA"]
[PlyCount "62"]
[EventDate "2019.12.06"]
[EventType "swiss"]
[EventCountry "EST"]
[SourceTitle "playchess.com"]
[Source "ChessBase"]
[SourceQuality "1"]

1. d4 Nf6 2. c4 g6 3. g3 Bg7 4. Bg2 O-O 5. Nc3 d6 6. Nf3 Nbd7 7. O-O e5 8. e4 exd4 9. Nxd4 Re8 10. h3 a6 11. Be3 Nc5 12. Qc2 Bd7 13. Kh2 Qe7 14. f3 h5 15. h4 Rab8 16. b4 Ne6 17. Rad1 Qf8 18. Nd5 c6 19. Nb6 Rbd8 20. Nxd7 Nxd7 21. Nxe6 Rxe6 22. Rd2 Ne5 23. Rfd1 b5 24. cxb5 axb5 25. Bd4 Nc4 26. Re2 Ra8 27. f4 Ra3 28. Bxg7 Qxg7 29. Rd3 Ra4 30. Rb3 Qd4 31. Re1 Kg7 0-1

[Event "EIBCC 2019"]
[Site "Tallinn"]
[Date "2019.12.07"]
[Round "7.11"]
[White "Grewenig, Jan"]
[Black "Lysyj, Igor"]
[Result "0-1"]
[WhiteElo "2305"]
[BlackElo "2600"]
[Annotator "ChessBase"]
[PlyCount "87"]
[EventDate "2019.12.06"]
[EventType "swiss"]
[EventCountry "EST"]
[SourceTitle "playchess.com"]
[Source "ChessBase"]
[SourceQuality "1"]

1. e4 e5 2. Nf3 Nc6 3. d4 exd4 4. Nxd4 Nf6 5. Nxc6 bxc6 6. e5 Qe7 7. Qe2 Nd5 8. c4 Ba6 9. b3 g6 10. f4 d6 11. Qf2 Nf6 12. Be2 dxe5 13. O-O Qc5 14. Be3 Ne4 15. Bxc5 Bxc5 16. Qxc5 Nxc5 17. fxe5 O-O 18. Nd2 Rfe8 19. Nf3 Rad8 20. Rad1 Rxd1 21. Rxd1 Bc8 22. h3 Kf8 23. Kf2 Nd7 24. Rd4 Nxe5 25. Nxe5 Rxe5 26. Bf3 Ke7 27. Bxc6 Be6 28. Bf3 a5 29. Re4 Rxe4 30. Bxe4 Kd6 31. Ke3 Ke5 32. h4 f5 33. Bf3 f4+ 34. Kd3 h6 35. a3 g5 36. hxg5 hxg5 37. b4 axb4 38. axb4 g4 39. Bb7 Bf5+ 40. Kc3 Be4 41. Bxe4 Kxe4 42. b5 g3 43. c5 f3 44. gxf3+ 0-1

[Event "EIBCC 2019"]
[Site "Tallinn"]
[Date "2019.12.07"]
[Round "7.12"]
[White "Sanal, Vahap"]
[Black "Blohberger, Felix"]
[Result "1-0"]
[WhiteElo "2563"]
[BlackElo "2330"]
[Annotator "ChessBase"]
[PlyCount "55"]
[EventDate "2019.12.06"]
[EventType "swiss"]
[EventCountry "EST"]
[SourceTitle "playchess.com"]
[Source "ChessBase"]
[SourceQuality "1"]

1. e4 c5 2. Nc3 a6 3. g3 b5 4. Bg2 Bb7 5. d3 Nc6 6. Nh3 e6 7. O-O Nf6 8. e5 Ng8 9. f4 Qc7 10. Ne4 d5 11. exd6 Bxd6 12. Be3 Qe7 13. a4 b4 14. f5 e5 15. Nhg5 Nf6 16. Nxf6+ gxf6 17. Ne4 h5 18. c3 h4 19. g4 h3 20. Bf3 Nd8 21. cxb4 cxb4 22. Rc1 Bxe4 23. Bxe4 Rb8 24. a5 Rb5 25. Rc8 O-O 26. g5 fxg5 27. f6 Qe6 28. Qh5 1-0

[Event "EIBCC 2019"]
[Site "Tallinn"]
[Date "2019.12.07"]
[Round "7.13"]
[White "Lopusiewicz, Piotr"]
[Black "Popov, Valerij"]
[Result "0-1"]
[WhiteElo "2301"]
[BlackElo "2547"]
[Annotator "ChessBase"]
[PlyCount "67"]
[EventDate "2019.12.06"]
[EventType "swiss"]
[EventCountry "EST"]
[SourceTitle "playchess.com"]
[Source "ChessBase"]
[SourceQuality "1"]

1. d4 d5 2. c4 c6 3. Nf3 Nf6 4. cxd5 cxd5 5. Nc3 Nc6 6. Bf4 a6 7. Qb3 e6 8. e3 Be7 9. Bd3 Nh5 10. Be5 O-O 11. h3 Nxe5 12. dxe5 g6 13. h4 Bd7 14. g4 Ng7 15. h5 b5 16. Nd4 Rc8 17. f4 gxh5 18. g5 b4 19. Nce2 Qa5 20. Bc2 Rc4 21. Kf2 Rfc8 22. Qd3 Nf5 23. Nxf5 exf5 24. Bb3 Re4 25. Rac1 Rxc1 26. Rxc1 Bc5 27. Nd4 Bxd4 28. exd4 Rxf4+ 29. Kg3 Rg4+ 30. Kh2 Qd8 31. Bxd5 Qxg5 32. Rc2 f4 33. Bg2 Bf5 34. e6 0-1

[Event "EIBCC 2019"]
[Site "Tallinn"]
[Date "2019.12.07"]
[Round "7.14"]
[White "Dragnev, Valentin"]
[Black "Martinez Pla, Xavier"]
[Result "1/2-1/2"]
[WhiteElo "2523"]
[BlackElo "2301"]
[Annotator "ChessBase"]
[PlyCount "101"]
[EventDate "2019.12.06"]
[EventType "swiss"]
[EventCountry "EST"]
[SourceTitle "playchess.com"]
[Source "ChessBase"]
[SourceQuality "1"]

1. d4 Nf6 2. c4 e6 3. Nf3 b6 4. g3 Bb7 5. Bg2 Be7 6. O-O O-O 7. Nc3 Ne4 8. Bd2 Nxd2 9. Qxd2 d6 10. b4 Nd7 11. Rac1 a5 12. b5 Bf6 13. Ne1 Bxg2 14. Nxg2 Qe7 15. Rfe1 g6 16. Na4 Rad8 17. Rc2 e5 18. dxe5 Bxe5 19. Ne3 Nf6 20. Nd5 Nxd5 21. cxd5 f5 22. e3 g5 23. Rc4 Rd7 24. f4 Bg7 25. Nc3 h6 26. Ne2 Qf7 27. Kg2 Re7 28. Ng1 Rfe8 29. Rcc1 Re4 30. Nf3 Rb4 31. Qd3 Rb2+ 32. Kg1 g4 33. Nh4 Re4 34. a4 Rbb4 35. Rc2 Rxa4 36. Rec1 Ra1 37. Kf2 Rxc1 38. Rxc1 a4 39. Qc2 Qxd5 40. Rd1 Qc5 41. Qd3 a3 42. Rd2 Qc4 43. Qxa3 Qxb5 44. Qa2+ Qc4 45. Qa8+ Kh7 46. Nxf5 Qc3 47. Qxe4 Qxd2+ 48. Kf1 Qd1+ 49. Kf2 Qd2+ 50. Kf1 Qd1+ 51. Kf2 1/2-1/2

[Event "EIBCC 2019"]
[Site "Tallinn"]
[Date "2019.12.07"]
[Round "7.15"]
[White "Dragicevic, Drazen"]
[Black "Schneider, Ilja"]
[Result "1-0"]
[WhiteElo "2300"]
[BlackElo "2483"]
[Annotator "ChessBase"]
[PlyCount "131"]
[EventDate "2019.12.06"]
[EventType "swiss"]
[EventCountry "EST"]
[SourceTitle "playchess.com"]
[Source "ChessBase"]
[SourceQuality "1"]

1. c4 c6 2. Nf3 d5 3. cxd5 cxd5 4. g3 Nc6 5. Bg2 Bf5 6. d3 e6 7. O-O Nf6 8. Nh4 Bg4 9. h3 Bh5 10. g4 Nd7 11. Nf3 Bg6 12. Nc3 Be7 13. a3 Rc8 14. Bf4 O-O 15. Bg3 h6 16. Rc1 Qb6 17. b4 a5 18. Na4 Qa7 19. b5 Nd4 20. Nxd4 Qxd4 21. Qb3 Nc5 22. Nxc5 Rxc5 23. Rxc5 Qxc5 24. a4 b6 25. Bf4 Rc8 26. Rc1 Qxc1+ 27. Bxc1 Rxc1+ 28. Bf1 Bc5 29. Qb2 Re1 30. Kg2 Rd1 31. h4 f6 32. h5 Bf7 33. e3 e5 34. Be2 Re1 35. Bf3 d4 36. e4 Be6 37. Be2 Kf7 38. f3 Ke7 39. Kf2 Rh1 40. Bf1 Kf7 41. Kg2 Rxf1 42. Kxf1 Ke7 43. Qc1 Kf7 44. Kg2 Ke7 45. Kh3 Kf7 46. f4 Ke7 47. Kh4 Kf7 48. fxe5 fxe5 49. Qf1+ Kg8 50. Kh3 Be7 51. Qf2 Bd6 52. Qc2 Bc5 53. Qb2 Kf7 54. Kg3 Kg8 55. Qc1 Bf7 56. g5 Bxh5 57. gxh6 gxh6 58. Qxh6 Bd1 59. Qg5+ Kf7 60. Qf5+ Kg8 61. Qxe5 Bxa4 62. Qg5+ Kf7 63. e5 Be7 64. Qf5+ Ke8 65. Qc8+ Kf7 66. Qc4+ 1-0

[Event "EIBCC 2019"]
[Site "Tallinn"]
[Date "2019.12.07"]
[Round "7.16"]
[White "Potapov, Pavel"]
[Black "Shishkov, Andrei"]
[Result "1-0"]
[WhiteElo "2464"]
[BlackElo "2297"]
[Annotator "ChessBase"]
[PlyCount "63"]
[EventDate "2019.12.06"]
[EventType "swiss"]
[EventCountry "EST"]
[SourceTitle "playchess.com"]
[Source "ChessBase"]
[SourceQuality "1"]

1. e4 d5 2. exd5 Nf6 3. d4 Nxd5 4. c4 Nb6 5. Nc3 e5 6. d5 Bb4 7. Nf3 O-O 8. Be2 c6 9. O-O Bxc3 10. bxc3 e4 11. Ng5 cxd5 12. c5 h6 13. Nxf7 Rxf7 14. cxb6 axb6 15. Be3 Be6 16. Qd4 Nc6 17. Qxb6 Qxb6 18. Bxb6 Ne5 19. Bd4 Nd3 20. a4 Ra5 21. Bb6 Ra8 22. a5 Rf6 23. Rfb1 Raf8 24. Bd4 R6f7 25. Bh5 Rd7 26. h3 Nf4 27. Bd1 Kh7 28. Ra2 Rf5 29. h4 Ng6 30. Bg4 Nxh4 31. Bxf5+ Nxf5 32. Rab2 1-0

[Event "EIBCC 2019"]
[Site "Tallinn"]
[Date "2019.12.07"]
[Round "7.17"]
[White "Litwak, Aleksej"]
[Black "Ladva, Ottomar"]
[Result "0-1"]
[WhiteElo "2284"]
[BlackElo "2457"]
[Annotator "ChessBase"]
[PlyCount "92"]
[EventDate "2019.12.06"]
[EventType "swiss"]
[EventCountry "EST"]
[SourceTitle "playchess.com"]
[Source "ChessBase"]
[SourceQuality "1"]

1. e4 g6 2. d4 Bg7 3. Nc3 d6 4. Nf3 a6 5. Be3 b5 6. Bd3 Bb7 7. a4 b4 8. Ne2 Nf6 9. Ng3 O-O 10. h3 Nbd7 11. Qd2 a5 12. Bh6 e5 13. Bxg7 Kxg7 14. d5 h6 15. Nh4 Ng8 16. Nf3 Nc5 17. O-O Qe8 18. Bb5 Qe7 19. Nh2 h5 20. Rae1 h4 21. Nh1 f5 22. exf5 gxf5 23. Nf3 Qf6 24. c4 bxc3 25. bxc3 Ne7 26. c4 Ng6 27. Qg5 Qxg5 28. Nxg5 Bc8 29. f3 Kh6 30. Ne6 Bxe6 31. dxe6 Nxe6 32. Nf2 Nd4 33. Nd3 c5 34. Rd1 Rg8 35. Kh2 Rg7 36. Rf2 Rag8 37. Ne1 Nf4 38. Rdd2 Rg3 39. Nc2 Nxh3 40. gxh3 Nxf3+ 41. Rxf3 Rxf3 42. Rxd6+ Rg6 43. Rd2 Rgg3 44. Ne1 Rxh3+ 45. Kg2 Rfg3+ 46. Kf2 Rh2+ 0-1

[Event "EIBCC 2019"]
[Site "Tallinn"]
[Date "2019.12.07"]
[Round "7.18"]
[White "Sebenik, Matej"]
[Black "Smirnov, Artem"]
[Result "1-0"]
[WhiteElo "2457"]
[BlackElo "2283"]
[Annotator "ChessBase"]
[PlyCount "53"]
[EventDate "2019.12.06"]
[EventType "swiss"]
[EventCountry "EST"]
[SourceTitle "playchess.com"]
[Source "ChessBase"]
[SourceQuality "1"]

1. Nf3 Nf6 2. c4 e6 3. g3 a6 4. Bg2 b5 5. b3 c5 6. O-O Bb7 7. Nc3 Qb6 8. Re1 Be7 9. e4 d6 10. Qe2 b4 11. Na4 Qc7 12. e5 dxe5 13. Nxe5 O-O 14. Bb2 Bxg2 15. Kxg2 Nc6 16. Qf3 Rac8 17. Nxc6 Qxc6 18. d4 cxd4 19. Qxc6 Rxc6 20. Bxd4 Nd7 21. Rad1 Bf6 22. Be3 Ne5 23. f4 Ng4 24. Bc5 Rb8 25. h3 Nh6 26. g4 g5 27. Be3 1-0

[Event "EIBCC 2019"]
[Site "Tallinn"]
[Date "2019.12.07"]
[Round "7.19"]
[White "Kanep, Meelis"]
[Black "Putka, Verners"]
[Result "0-1"]
[WhiteElo "2280"]
[BlackElo "2448"]
[Annotator "NA"]
[PlyCount "94"]
[EventDate "2019.12.06"]
[EventType "swiss"]
[EventCountry "EST"]
[SourceTitle "playchess.com"]
[Source "ChessBase"]
[SourceQuality "1"]

1. d4 Nf6 2. Bg5 c5 3. d5 d6 4. Nc3 Nbd7 5. e4 g6 6. Qd2 h6 7. Bh4 Bg7 8. f4 a6 9. a4 Qb6 10. Rb1 Qb4 11. Bd3 c4 12. Be2 Nc5 13. Bf3 Nxa4 14. Nxa4 Qxa4 15. Ne2 O-O 16. O-O Qd7 17. e5 Ne8 18. e6 fxe6 19. dxe6 Qc7 20. Bd5 Nf6 21. Nc3 Rb8 22. f5 g5 23. Bf2 b5 24. Bf3 Bb7 25. Bxb7 Qxb7 26. h4 b4 27. Ne2 Ne4 28. Qe3 Rxf5 29. hxg5 Rxg5 30. Nf4 Rf8 31. Bh4 Rg4 32. Bxe7 Qxe7 33. Qxe4 d5 34. Nxd5 Qc5+ 35. Qe3 Bd4 36. Rxf8+ Kxf8 37. e7+ Qxe7 38. Qxd4 Rxd4 39. Nxe7 Kxe7 40. Ra1 Rd2 41. Rxa6 Rxc2 42. Rc6 Kd7 43. Rc5 Kd6 44. Rc8 Kd5 45. Rd8+ Kc5 46. Rc8+ Kb5 47. g4 Rxb2 0-1

[Event "EIBCC 2019"]
[Site "Tallinn"]
[Date "2019.12.07"]
[Round "7.20"]
[White "Pohjala, Henri"]
[Black "Valner, Uku"]
[Result "1/2-1/2"]
[WhiteElo "2447"]
[BlackElo "2274"]
[Annotator "NA"]
[PlyCount "87"]
[EventDate "2019.12.06"]
[EventType "swiss"]
[EventCountry "EST"]
[SourceTitle "playchess.com"]
[Source "ChessBase"]
[SourceQuality "1"]

1. d4 e6 2. Nf3 Nf6 3. g3 b6 4. Bg2 Bb7 5. O-O Be7 6. c4 O-O 7. Nc3 Ne4 8. Qc2 Nxc3 9. Qxc3 d6 10. b3 Nd7 11. Bb2 Nf6 12. Nd2 Bxg2 13. Kxg2 c5 14. Rfd1 Qc7 15. Qf3 cxd4 16. Bxd4 Rac8 17. Rac1 Rfd8 18. Bb2 Qb8 19. Ne4 Nxe4 20. Qxe4 Qa8 21. Qxa8 Rxa8 22. Rd3 Rd7 23. Rcd1 Rad8 24. e4 f6 25. f4 Kf7 26. f5 g6 27. fxe6+ Kxe6 28. Rd5 Rc8 29. Bc1 a6 30. a4 Rb7 31. Bf4 Rc6 32. R1d2 b5 33. cxb5 axb5 34. Rxb5 Rxb5 35. axb5 Rc5 36. Rd3 Rxb5 37. Kf3 f5 38. exf5+ Rxf5 39. Ke2 Ra5 40. Kf3 d5 41. Re3+ Kd7 42. Rd3 Ke6 43. Re3+ Kd7 44. Rd3 1/2-1/2

[Event "EIBCC 2019"]
[Site "Tallinn"]
[Date "2019.12.07"]
[Round "7.21"]
[White "Shvyrjov, Igor"]
[Black "Zelbel, Patrick"]
[Result "1/2-1/2"]
[WhiteElo "2273"]
[BlackElo "2425"]
[Annotator "NA"]
[PlyCount "84"]
[EventDate "2019.12.06"]
[EventType "swiss"]
[EventCountry "EST"]
[SourceTitle "playchess.com"]
[Source "ChessBase"]
[SourceQuality "1"]

1. d4 Nf6 2. Nf3 e6 3. c3 b6 4. g3 Bb7 5. Bg2 c5 6. O-O Be7 7. Bg5 d6 8. Nbd2 Nbd7 9. Re1 Ne4 10. Nxe4 Bxe4 11. Bxe7 Qxe7 12. a4 a6 13. Qb3 O-O 14. e3 Rfc8 15. Nh4 Bxg2 16. Nxg2 Rab8 17. Nf4 g5 18. Nh5 Nf6 19. Qd1 Nxh5 20. Qxh5 Qf6 21. Rad1 cxd4 22. Rxd4 d5 23. Rg4 h6 24. h4 Qg6 25. Qxg6+ fxg6 26. hxg5 hxg5 27. Rxg5 Kf7 28. Kg2 Rc4 29. Ra1 a5 30. f4 b5 31. axb5 Rxb5 32. Ra2 a4 33. Kf3 Rb3 34. Re5 a3 35. bxa3 Rcxc3 36. a4 d4 37. Re2 Ra3 38. a5 dxe3 39. R2xe3 Rxe3+ 40. Rxe3 Rxa5 41. Rb3 Kf6 42. Rb6 g5 1/2-1/2

[Event "EIBCC 2019"]
[Site "Tallinn"]
[Date "2019.12.07"]
[Round "7.22"]
[White "Ortega Ruiz, Jose Miguel"]
[Black "Thorfinnsson, Bragi"]
[Result "1-0"]
[WhiteElo "2272"]
[BlackElo "2422"]
[Annotator "NA"]
[PlyCount "77"]
[EventDate "2019.12.06"]
[EventType "swiss"]
[EventCountry "EST"]
[SourceTitle "playchess.com"]
[Source "ChessBase"]
[SourceQuality "1"]

1. d4 Nf6 2. c4 g6 3. Nc3 c5 4. d5 Bg7 5. e4 d6 6. Nf3 O-O 7. Bd3 e6 8. O-O exd5 9. exd5 Bg4 10. h3 Bxf3 11. Qxf3 Nbd7 12. Re1 Ne5 13. Qd1 Nxd3 14. Qxd3 Nd7 15. Bf4 Ne5 16. Bxe5 Bxe5 17. Re3 Qf6 18. Rae1 a6 19. Rf3 Qg7 20. b3 Rae8 21. Rfe3 h5 22. Kf1 Ra8 23. Ne4 b5 24. Nxc5 Bd4 25. Nd7 Rfd8 26. Re7 Ra7 27. Re8+ Rxe8 28. Rxe8+ Kh7 29. Nf8+ Kh6 30. h4 Qf6 31. Qd2+ Kg7 32. Nxg6 fxg6 33. Re6 Qxh4 34. g3 Qh1+ 35. Ke2 Be5 36. Qd3 Bf6 37. Rxf6 Kxf6 38. Qd4+ Kf5 39. Qf4# 1-0

[Event "EIBCC 2019"]
[Site "Tallinn"]
[Date "2019.12.07"]
[Round "7.23"]
[White "Firstov, Juri"]
[Black "Shubin, Kirill"]
[Result "0-1"]
[WhiteElo "2228"]
[BlackElo "2401"]
[Annotator "NA"]
[PlyCount "72"]
[EventDate "2019.12.06"]
[EventType "swiss"]
[EventCountry "EST"]
[SourceTitle "playchess.com"]
[Source "ChessBase"]
[SourceQuality "1"]

1. b3 Nf6 2. Bb2 e6 3. f4 b6 4. Nf3 Bb7 5. g3 Be7 6. Bg2 O-O 7. O-O c5 8. e3 Nc6 9. Qe2 a5 10. Ne5 Qc7 11. Nxc6 Bxc6 12. Bxc6 Qxc6 13. a4 d5 14. Na3 Rfd8 15. d3 Ne8 16. e4 Rac8 17. exd5 Rxd5 18. Nc4 Bf6 19. Be5 Rcd8 20. Rf3 Be7 21. Raf1 Nd6 22. Bxd6 Bxd6 23. Qe4 Bf8 24. Ne3 f5 25. Qc4 Rd4 26. Qc3 g6 27. Nc4 Bg7 28. Qe1 R4d5 29. Kg2 h5 30. h4 Re8 31. Kh3 e5 32. fxe5 Qe6 33. Kg2 Rd4 34. Re3 Rg4 35. Kh2 Bh6 36. Re2 f4 0-1

[Event "EIBCC 2019"]
[Site "Tallinn"]
[Date "2019.12.07"]
[Round "7.24"]
[White "Poznyak, Nazar"]
[Black "Studer, Noel"]
[Result "1-0"]
[WhiteElo "2211"]
[BlackElo "2394"]
[Annotator "NA"]
[PlyCount "77"]
[EventDate "2019.12.06"]
[EventType "swiss"]
[EventCountry "EST"]
[SourceTitle "playchess.com"]
[Source "ChessBase"]
[SourceQuality "1"]

1. d4 d5 2. c4 dxc4 3. Qa4+ Nd7 4. Nf3 Ngf6 5. Nc3 a6 6. e4 e6 7. Bg5 Be7 8. Bxc4 O-O 9. Qc2 c5 10. e5 Nd5 11. Bxe7 Nxe7 12. dxc5 Qc7 13. O-O Ng6 14. b4 b6 15. Bd3 bxc5 16. Bxg6 hxg6 17. Ne4 Bb7 18. bxc5 Nxe5 19. Nxe5 Qxe5 20. Nd6 Bd5 21. Rfe1 Qg5 22. Ne4 Qf5 23. Rac1 Rfc8 24. Nd6 Qxc2 25. Rxc2 Rc7 26. Rb1 a5 27. Rb6 a4 28. a3 g5 29. f3 Ra5 30. c6 Ra8 31. Nb5 Rcc8 32. c7 Bb3 33. Rc3 e5 34. Nd6 Be6 35. Nxc8 Rxc8 36. Rb8 Kf8 37. Rd3 Ke7 38. Rxc8 Bxc8 39. Rd8 1-0